000 00611nam a2200241Ia 4500
003 OSt
005 20221005051048.0
006 a|||||r|||| 00| 0
007 ta
008 221004b |||||||| |||| 00| 0 eng d
024 _a29900
037 _cTextual
040 _aCRL
_cCRL
_beng
041 _2eng
_aeng
082 _aL:(P111:4k), L8 RR
245 0 _aButterworths medical dictionary Ed by Macdonald Critchley
250 _a2nd
260 _aLondon
_c1978
300 _a1942p
_ccm.
650 _aMEDICINE
942 _hL:(P111:4k), L8 RR
_cTEXL
_2cc
999 _c958216
_d958216